5 flag z największym procentem każdego koloru - Statystyki

Ogólne statystyki
  • Ten quiz został rozwiązany 88 razy
  • Średni wynik to 14 z 35
Statystyki odpowiedzi
Kolor i jego procent Państwo % Poprawnych
ok. 97,6% Chiny
77%
ok. 90% Cypr
70%
ok. 33,3% Belgia | Egipt | Estonia | Irak | Jemen | Niemcy | Syria
69%
ok. 98,3% Maroko
63%
ok. 81% Japonia
61%
ok. 33,3% Armenia | Indie | Irlandia | Wybrzeże Kości Słoniowej
58%
50% Kolumbia | Ukraina
56%
ok. 49% Libia
53%
ok. 93% Wietnam
53%
ok. 92% Arabia Saudyjska
50%
ok. 89% Somalia
50%
ok. 94% Turcja
50%
ok. 98% Mikronezja
44%
ok. 38% Niger
39%
ok. 41% Bhutan
38%
ok. 55% Brunei
38%
ok. 52% Watykan
38%
ok. 78% Korea Południowa
36%
ok. 91% Kazachstan
34%
ok. 45% Hiszpania
33%
79% Bangladesz
31%
ok. 47% Angola
30%
ok. 47% Ekwador
30%
ok. 69% Pakistan
30%
ok. 75% Zambia
30%
ok. 63,9% Izrael
28%
ok. 48% Papua Nowa Gwinea
28%
ok. 64,1% Gruzja
25%
ok. 33,1% Jamajka
25%
92% Kirgistan
25%
ok. 84% Turkmenistan
25%
ok. 89,3% Nauru
22%
ok. 11% Sri Lanka
20%
ok. 88% Kosowo
17%
ok. 10% Wyspy Marshalla
13%
Nie znaleziono quizów pasujących do podanych kryteriów
Rozkład punktacji
Procent ludzi z każdym wynikiem
Percentyl według liczby udzielonych odpowiedzi
Twoja historia wyników
Nie rozwiązałeś tego quizu